Balabán, Milan. Víra (u) Václava Havla: noetický sestřih Havlových Dopisů Olze. - Praha : OIKOYMENH. - 2009 [Rezension]
| Titel: | Balabán, Milan. Víra (u) Václava Havla: noetický sestřih Havlových Dopisů Olze. - Praha : OIKOYMENH. - 2009 [Rezension] |
|---|---|
| Verfasser: | |
| In: |
Křestanská revue, Band 76, Heft 5 (2009), Seite 51-52 alle Artikel anzeigen |
| Veröffentlicht: | 2009 |
| Format: | Aufsatz |
| Sprache: | Tschechisch |
X
alg: 39521109 001A $01999:12-11-16 001B $01999:09-08-21 $t17:43:26.000 001D $01999:12-11-16 001U $0utf8 001X $00 002@ $0Aox 003@ $0395211093 007A $0395211093 $aHEB 007T $0Herdp35043 010@ $acze 011@ $a2009 021A $aBalabán, Milan. Víra (u) Václava Havla: noetický sestřih Havlových Dopisů Olze. - Praha : OIKOYMENH. - 2009 [Rezension] 028A $aHošek $dPavel 031A $d76 $e5 $h51-52 $j2009 039B $aIn $8--Abvc--. Křestanská revue. - Praha, 1927-. - ISSN 0023-4613 $x200900000760005949 $9047477830 039T $8--Aox--Balabán, Milan$Z1929-2019 [Tp1]. Víra (u) Václava Havla: noetický sestřih Havlových Dopisů Olze. - Praha : OIKOYMENH, 2009. - ISBN 978-80-7298-412-1 $9393379000 045F $a900.94371 $eDDC23BSB 045F/01 $a900 045F/03 $g4371 045T $a1 $a7,41 lok: 39521109 78 exp: 39521109 78 1 #EPN 201B/01 $026-11-17 $t04:16:29.000 201U/01 $0utf8 203@/01 $0791535959 208@/01 $a12-11-16 $be 209A/01 $a/ $f000 $x00 220C/01 $aHerkunft: Hú Av Čr Praha 244Z/01 $#Tschechien $#Tschechische Republik $#Tschechische Republik $#Tschechenland $#Tschechei Tschechien $#Česká Republika $#Czech Republic $#ČR $74303381-7 $8--Tg1--Tschechien $x01 $9086659812 244Z/01 $2Trx $#Böhmen $#Bohemia $#Czechy $8--Trx--Čechy $x02 $9391188941 244Z/01 $2Trx $#arvustused $#recenzijos $#Reviews $#recenziók $#recenzje $#recenzie $#recenze $8--Trx--Rezensionen $x03 $9391357441 247C/01 $82080>Marburg/Lahn, Herder-Institut, Forschungsbibliothek, Bibliographieportal $9336309341
| LEADER | 00000caa a22000002c 4500 | ||
|---|---|---|---|
| 001 | 395211093 | ||
| 003 | DE-603 | ||
| 005 | 20210809174326.0 | ||
| 007 | tu | ||
| 008 | 161112s2009 xx |||| | u00||u|cze c | ||
| 035 | |a (DE-599)HEB395211093 | ||
| 040 | |a DE-603 |b ger |c DE-603 |d DE-603 | ||
| 041 | |a cze | ||
| 082 | 0 | 4 | |8 1\u |a 900.94371 |q DE-101 |2 23/BSB |
| 084 | |a 1 |a 7,41 |2 ssgn | ||
| 085 | |8 1\u |b 900 | ||
| 085 | |8 1\u |z 2 |s 4371 | ||
| 100 | 1 | |a Hošek, Pavel | |
| 245 | 0 | 0 | |a Balabán, Milan. Víra (u) Václava Havla: noetický sestřih Havlových Dopisů Olze. - Praha : OIKOYMENH. - 2009 [Rezension] |
| 264 | 0 | |c 2009 | |
| 773 | 0 | 8 | |i In |t Křestanská revue |d Praha, 1927- |x 0023-4613 |g Band 76, Heft 5 (2009), Seite 51-52 |w (DE-603)047477830 |w (DE-600)301508-7 |
| 787 | 0 | 8 | |i Rezension von |a Balabán, Milan, 1929-2019 |t Víra (u) Václava Havla: noetický sestřih Havlových Dopisů Olze |d Praha : OIKOYMENH, 2009 |z 9788072984121 |w (DE-603)393379000 |
| 924 | 0 | |9 2080 |a (DE-603)791535959 |b DE-2080 |c HES |d d |g / | |


